00495nam a2200169 a 4500001001300000003000900013005001700022008004100039020002300080082001800103100001400121245008800135260004000223300000900263500003500272650001800307nice12345678IN_TiNIC20260116014128.0100216s2007 newa grp 000 0 eng  a9788125030676c82500a341.7588bJAM aJomo, K S aFlat World Big Gapsb Econimic Liberalization, Globalization, Poverty and Ineqality aNew Delhi bOrient Blackswan c2007 a416p aincludes index and biblioraphy aGlobalization